| 000 | 00778nam a2200217 a 4500 | ||
|---|---|---|---|
| 005 | 20250620063836.0 | ||
| 008 | 060209s1988 mx r 000 0 spa d | ||
| 020 | _a8484325342 | ||
| 035 | _aUPN01000142761 | ||
| 049 | _aCG | ||
| 050 | 4 |
_aGN761 _bB5.38a |
|
| 100 | 1 |
_aBinford, Lewis R., _d1930- |
|
| 245 | 1 | 0 |
_aEn busca del pasado : _bdescifrando el registro arqueológico / _cLewis R. Binford ; colab. ed. de John F. Cherry y Robin Torrence ; tr. Pepa Gasull. |
| 260 |
_aBarcelona, Esp. : _bCrítica, _c1988. |
||
| 300 |
_a283 p. : _bil. |
||
| 440 | 0 |
_aBiblioteca de bolsillo ; _v106 |
|
| 534 |
_pTraducción de: _tIn Pursuit of the Past. Decoding the archeological record |
||
| 650 | 4 |
_aArqueología _97950 |
|
| 650 | 0 |
_aAntropología prehistórica _94799 |
|
| 905 | _aLibro | ||
| 999 |
_c114908 _d114908 |
||